Fertility and reproductive health status of married adolescents in rural Bangladesh / (Record no. 1552)
[ view plain ]
| 000 -LEADER | |
|---|---|
| fixed length control field | 01070cam a22002775a 4500 |
| 001 - CONTROL NUMBER | |
| control field | 1552 |
| 003 - CONTROL NUMBER IDENTIFIER | |
| rucl marc code | BD-RjUL |
| 005 - DATE AND TIME OF LATEST TRANSACTION | |
| control field | 20211208233346.0 |
| 008 - FIXED-LENGTH DATA ELEMENTS--GENERAL INFORMATION | |
| fixed length control field | 131208s1995 bg b f000 0 eng |
| 035 ## - SYSTEM CONTROL NUMBER | |
| System control number | (BD-RjUL)1577 |
| 040 ## - CATALOGING SOURCE | |
| Original cataloging agency | DLC |
| Transcribing agency | DLC |
| Language of cataloging | eng |
| Modifying agency | BD-RjUL |
| 041 ## - LANGUAGE CODE | |
| Language code of text/sound track or separate title | eng |
| 082 ## - DEWEY DECIMAL CLASSIFICATION NUMBER | |
| Classification number | 362.82 |
| Author mark and year | ISF 1995 |
| 100 1# - MAIN ENTRY--PERSONAL NAME | |
| Personal name | Islam, M. Nurul. |
| 9 (RLIN) | 5131 |
| 245 10 - TITLE STATEMENT | |
| Title | Fertility and reproductive health status of married adolescents in rural Bangladesh / |
| Statement of responsibility, etc. | M. Nurul Islam, M. Mazharul Islam, Harun K.M. Yusuf. |
| 260 ## - PUBLICATION, DISTRIBUTION, ETC. (IMPRINT) | |
| Place of publication, distribution, etc. | Dhaka : |
| Name of publisher, distributor, etc. | Population, Development and Evaluation Unit, Implementation Monitoring, and Evaluation Division, Ministry of Planning, Govt. of the People's Republic of Bangladesh, |
| Date of publication, distribution, etc. | 1995. |
| 300 ## - PHYSICAL DESCRIPTION | |
| Pagination | 3, xx, 128 p. ; |
| Size | 28 cm. |
| 504 ## - BIBLIOGRAPHY, ETC. NOTE | |
| Bibliography, etc | Includes bibliographical references (p. 124-128). |
| 650 #0 - SUBJECT ADDED ENTRY--TOPICAL TERM | |
| Topical term or geographic name as entry element | Family Planning Services |
| Geographic subdivision | Bangladesh. |
| 9 (RLIN) | 5132 |
| Topical term or geographic name as entry element | Adolescent |
| Geographic subdivision | Bangladesh. |
| 9 (RLIN) | 5133 |
| 700 1# - ADDED ENTRY--PERSONAL NAME | |
| Personal name | Islam, M. Mazharul, |
| Personal name | Yusuf, Harun K M |
| 942 ## - ADDED ENTRY ELEMENTS (KOHA) | |
| Source of classification or shelving scheme | Dewey Decimal Classification |
| Koha item type | Books |
| Lost status | Source of classification or shelving scheme | Damaged status | Not for loan | Collection code | Permanent Location | Current Location | Date acquired | Source of acquisition | Cost, normal purchase price | Total Checkouts | Full call number | Date last seen | Copy number | Koha item type |
|---|---|---|---|---|---|---|---|---|---|---|---|---|---|---|
| Dewey Decimal Classification | Not For Loan | Non-fiction | Central Library, University of Rajshahi | Central Library, University of Rajshahi | 24/10/1996 | Book Syndicate. | 300.00 | 362.82 ISF 1995 | 08/12/2013 | C-1 | Books |